|
|
|
|
| LEADER |
01839nam a2200505 a 4500 |
| 001 |
000694475 |
| 003 |
CZ BrMZK |
| 005 |
20031202075922.0 |
| 007 |
ta |
| 008 |
031027s2003 xr a f 000 0 cze d |
| 015 |
|
|
|a cnb001286068
|
| 020 |
|
|
|a 80-7237-768-X
|q (váz.)
|
| 035 |
|
|
|a (OCoLC)56866344
|
| 040 |
|
|
|a BOA001
|b cze
|
| 041 |
1 |
|
|a cze
|h eng
|
| 072 |
|
7 |
|a 618
|x Gynekologie. Porodnictví
|2 Konspekt
|9 14
|
| 080 |
|
|
|a 618.29
|2 MRF
|
| 080 |
|
|
|a 612.63
|2 MRF
|
| 080 |
|
|
|a 618.4/.5
|2 MRF
|
| 080 |
|
|
|a (084.12)
|2 MRF
|
| 080 |
|
|
|a 612.631
|2 MRF
|
| 080 |
|
|
|a 611.013.3/.8
|2 MRF
|
| 080 |
|
|
|a 612.646
|2 MRF
|
| 080 |
|
|
|a 618.2/.3
|2 MRF
|
| 080 |
|
|
|a 612.647
|2 MRF
|
| 100 |
1 |
|
|a Nilsson, Lennart,
|d 1922-2017
|7 js20030407010
|4 pht
|
| 245 |
1 |
0 |
|a Tajemství lidského života /
|c foto Lennart Nilsson ; text Lars Hamberger ; [překlad Alice Rybáková, Marek Novák, Dan Popov]
|
| 250 |
|
|
|a České vyd. 1.
|
| 260 |
|
|
|a Praha :
|b Svojtka & Co.,
|c 2003
|
| 300 |
|
|
|a 239 s. :
|b barev. il. ;
|c 27 cm
|
| 500 |
|
|
|a Překlad z angličtiny
|
| 504 |
|
|
|a Obsahuje rejstřík
|
| 500 |
|
|
|a Dostupné též v digitální podobě v aplikaci Kramerius
|
| 650 |
0 |
7 |
|a prenatální vývoj člověka
|7 ph125290
|2 czenas
|
| 650 |
0 |
7 |
|a porod
|7 ph124364
|2 czenas
|
| 650 |
0 |
7 |
|a oplodnění
|7 ph168743
|2 czenas
|
| 650 |
0 |
7 |
|a lidské embryo
|7 ph125296
|2 czenas
|
| 650 |
0 |
7 |
|a těhotenství
|7 ph126830
|2 czenas
|
| 655 |
|
7 |
|a fotografické publikace
|7 fd132276
|2 czenas
|
| 700 |
1 |
|
|a Hamberger, Lars,
|d 1939-
|7 mzk2003207358
|4 aut
|
| 765 |
0 |
|
|t <<A >>child is born
|9 Česky
|
| 856 |
4 |
1 |
|u http://www.digitalniknihovna.cz/mzk/uuid/uuid:818e3420-6126-11e5-bc53-005056827e52
|y Digitalizovaný dokument
|x NDK
|
| 910 |
|
|
|a BOA001
|b 3-1119.138
|
| 990 |
|
|
|a BK
|
| 996 |
6 |
|
|b 2610194181
|c 3-1119.138
|l MZK
|r Sklad / do 1 hodiny
|n 0
|p p.v.
|w 000694475
|u 000010
|a 1
|e BOA001
|j MZK50
|s P
|